Rick Astley: Never Gonna Give You Up - Statistics

General Stats
  • This quiz has been taken 18 times
  • The average score is 91 of 354
Answer Stats
Answer % Correct
and
100%
do
100%
I
100%
know
100%
love
100%
no
100%
rules
100%
so
100%
strangers
100%
the
100%
to
100%
We're
100%
You
100%
A
80%
a
67%
and
67%
and
67%
any
67%
around
67%
cry
67%
desert
67%
down
67%
feeling
67%
from
67%
full
67%
give
67%
gonna
67%
gonna
67%
gonna
67%
gonna
67%
gonna
67%
gonna
67%
goodbye
67%
guy
67%
how
67%
hurt
67%
I'm
67%
let
67%
lie
67%
make
67%
Never
67%
Never
67%
Never
67%
Never
67%
Never
67%
Never
67%
other
67%
run
67%
say
67%
tell
67%
this
67%
up
67%
you
67%
you
67%
you
67%
you
67%
you
67%
commitment's
60%
each
60%
for
60%
get
60%
Gotta
60%
I
60%
I'm
60%
just
60%
known
60%
long
60%
make
60%
of
60%
other
60%
so
60%
thinking
60%
understand
60%
We've
60%
what
60%
wouldn't
60%
You
60%
you
60%
you
60%
tell
53%
wanna
53%
aching
47%
been
47%
but
47%
heart's
47%
it
47%
say
47%
shy
47%
to
47%
too
47%
Your
47%
you're
47%
been
40%
both
40%
going
40%
Inside
40%
know
40%
on
40%
we
40%
what's
40%
and
27%
game
27%
gonna
27%
it
27%
know
27%
play
27%
the
27%
We
27%
we're
27%
a
20%
a
20%
And
20%
and
20%
and
20%
and
20%
and
20%
around
20%
around
20%
ask
20%
blind
20%
cry
20%
cry
20%
desert
20%
desert
20%
Don't
20%
down
20%
down
20%
feeling
20%
give
20%
give
20%
give
20%
gonna
20%
gonna
20%
gonna
20%
gonna
20%
gonna
20%
gonna
20%
gonna
20%
gonna
20%
gonna
20%
gonna
20%
gonna
20%
gonna
20%
gonna
20%
goodbye
20%
goodbye
20%
how
20%
hurt
20%
hurt
20%
if
20%
I'm
20%
let
20%
let
20%
lie
20%
lie
20%
make
20%
make
20%
me
20%
me
20%
Never
20%
Never
20%
Never
20%
Never
20%
Never
20%
Never
20%
Never
20%
Never
20%
Never
20%
Never
20%
Never
20%
Never
20%
Never
20%
run
20%
run
20%
say
20%
say
20%
see
20%
tell
20%
tell
20%
tell
20%
to
20%
too
20%
up
20%
up
20%
you
20%
you
20%
you
20%
you
20%
you
20%
you
20%
you
20%
you
20%
you
20%
you
20%
you
20%
you're
20%
give
13%
give
13%
give
13%
gonna
13%
gonna
13%
gonna
13%
never
13%
Never
13%
never
13%
aching
7%
and
7%
and
7%
around
7%
been
7%
been
7%
both
7%
but
7%
cry
7%
desert
7%
down
7%
each
7%
feeling
7%
for
7%
game
7%
give
7%
going
7%
gonna
7%
gonna
7%
gonna
7%
gonna
7%
gonna
7%
gonna
7%
Gotta
7%
heart's
7%
how
7%
I
7%
I'm
7%
Inside
7%
it
7%
it
7%
just
7%
know
7%
know
7%
known
7%
let
7%
long
7%
make
7%
make
7%
Never
7%
Never
7%
Never
7%
Never
7%
Never
7%
on
7%
other
7%
play
7%
run
7%
say
7%
shy
7%
so
7%
tell
7%
the
7%
to
7%
too
7%
understand
7%
up
7%
wanna
7%
we
7%
We
7%
we're
7%
We've
7%
what's
7%
you
7%
you
7%
you
7%
you
7%
you
7%
you
7%
Your
7%
you're
7%
a
0%
a
0%
a
0%
and
0%
and
0%
and
0%
and
0%
and
0%
around
0%
around
0%
cry
0%
cry
0%
desert
0%
desert
0%
down
0%
down
0%
give
0%
give
0%
gonna
0%
gonna
0%
gonna
0%
gonna
0%
gonna
0%
gonna
0%
gonna
0%
gonna
0%
gonna
0%
gonna
0%
gonna
0%
gonna
0%
gonna
0%
goodbye
0%
goodbye
0%
goodbye
0%
hurt
0%
hurt
0%
hurt
0%
let
0%
let
0%
lie
0%
lie
0%
lie
0%
make
0%
make
0%
Never
0%
Never
0%
Never
0%
Never
0%
Never
0%
Never
0%
Never
0%
Never
0%
Never
0%
Never
0%
Never
0%
Never
0%
Never
0%
run
0%
run
0%
say
0%
say
0%
say
0%
tell
0%
tell
0%
tell
0%
up
0%
up
0%
you
0%
you
0%
you
0%
you
0%
you
0%
you
0%
you
0%
you
0%
you
0%
you
0%
you
0%
No matching quizzes found
Score Distribution
Percent of People with Each Score
Percentile by Number Answered
Your Score History
You have not taken this quiz